| 000 | 00000nam##2200000za#4500 |
| 001 | 9.646935 |
| 003 | CaOODSP |
| 005 | 20240527135428 |
| 007 | ta |
| 008 | 150407|1998||||xxc||||| f|0| 0 eng|d |
| 020 | |a0-662-26780-X |
| 040 | |aCaOODSP|beng |
| 043 | |an-cn--- |
| 086 | 1 |aCW66-167/1998E |
| 110 | 2 |aCanadian Wildlife Service. |
| 245 | 10|aCaring for Canada's biodiversity : |bCanada's first national report to the Conference of the Parties to the Convention on Biological Diversity |
| 260 | |aOttawa - Ontario : |bEnvironment Canada. |c1998. |
| 300 | |a40p. : |bfigs., references ; |c28 cm. |
| 500 | |a"This is Canada's first report to the Conference of the Parties (COP) to the Convention on Biological Diversity. As decided by the Parties at their second meeting, this first report is to summarize progress, lessons learned and challenges in implementing Article 6 of the Convention on Biological Diversity."--About this report. |
| 520 | 3 |aThis is Canada's first report to the Conference of the Parties (COP) to the Convention on Biological Diversity. As decided by the Parties at their second meeting, this first report is to summarize progress, lessons learned and challenges in implementing Article 6 of the Convention on Biological Diversity.--About this report |
| 563 | |aSoftcover |
| 590 | |a98-33|b1998-08-14 |
| 690 | 07|aBiological diversity|2gcpds |
| 775 | 08|tLa biodiversité au Canada: on en prend soin : |w(CaOODSP)9.680426 |
| 776 | 0#|tCaring for Canada's biodiversity : |w(CaOODSP)9.693905 |